• 首页
  • 本馆介绍
  • 公告通知
  • 最新文献
  • 馆藏检索
  • 电子资源
  • 读者导购
  • 参考咨询
  • 我的图书馆
  • 登录
  • 详细信息显示
  • 放入我的书架
  • 预约/预借图书
  • 作者相关作品
  • 分类相关作品
  • 丛书相关作品
  • 出版社相关作品

书目信息

  • 表格格式
  • 工作单格式
  • 卡片格式
题名:
联合国反腐败公约
    
 
作者: ;《联合国反腐败公约》本书编写组 编写
分册:  
出版信息: 北京   中国方正出版社  2004
页数: 229页
开本: 21cm
丛书名:
单 册:
中图分类: D997.9
科图分类:
主题词: 国际公约 , 廉政建设
电子资源:
ISBN: 7-80107-759-8
000 01010nam0 2200265 450
001 TS-042293
005 20061220144742.43
010    @a7-80107-759-8@dCNY16.00
100    @a20060829d2004 em y0chiy0110 ea
101 0  @achi@aeng
102    @aCN@b110000
105    @ay n 000yy
200 1  @a联合国反腐败公约@Alian he guo fan fu bai gong yue@a联合国打击跨国有组织犯罪公约@Alian he guo da ji kua guo you zu zhi fan zui gong yue@e中英文本@f《联合国反腐败公约》本书编写组编写
210    @a北京@c中国方正出版社@d2004
215    @a229页@d21cm
330    @a本书内容包括总则,预防措施,定罪、制裁、救济及执法,国际合作,资产的追回,技术援助和信息交流,实施机制以及最后条款。
510 1  @aUnited Nations Convention Against Corruption@zeng
517 1  @a中英文本@Azhong ying wen ben
601 02 @a联合国@x廉政建设@x国际公约
606 0  @a国际公约
606 0  @a廉政建设
690    @aD997.9@v4
711 02 @a《联合国反腐败公约》本书编写组@4编写
801  0 @aCN@b中图数据@c20061220
905    @a10447@dD997.9@e73
    
    联合国反腐败公约;联合国打击跨国有组织犯罪公约:中英文本/《联合国反腐败公约》本书编写组编写.-北京:中国方正出版社,2004
    229页;21cm
    
    
    ISBN 7-80107-759-8:CNY16.00
    本书内容包括总则,预防措施,定罪、制裁、救济及执法,国际合作,资产的追回,技术援助和信息交流,实施机制以及最后条款。
●
相关链接 在E读中查询图书 在五车中查询图书 在当当中查询图书 在豆瓣中查询图书


正题名:联合国反腐败公约     索取号:D997.9/73         预约/预借

序号 登录号 条形码 馆藏地/架位号 状态 备注
1 0608409   206084093   第一样本阅览室/ [索取号:D997.9/73] 在馆    
2 0608410   206084100   第一借阅区/ [索取号:D997.9/73] 在馆    
3 0608411   206084119   第一借阅区/ [索取号:D997.9/73] 在馆    
唐山师范学院图书馆 欢迎您!
大连网信软件有限公司© 版权所有